Applied Innovation and Knowledge Management in Organizations
Saved in:
| Other Authors: | |
|---|---|
| Format: | Book |
| Language: | English German |
| Published: |
Berlin
Peter Lang
2022
|
| Edition: | 1st Edition |
| Subjects: | |
| Tags: |
No Tags, Be the first to tag this record!
|
MARC
| LEADER | 00000nam a2200000 4500 | ||
|---|---|---|---|
| 001 | 0283389 | ||
| 005 | 20240822101719.0 | ||
| 020 | |a 978-3-631-87414-1 | ||
| 020 | |a 978-3-631-87436-3 | ||
| 020 | |a 978-3-631-87437-0 | ||
| 022 | |a 2699-6324 | ||
| 041 | 0 | |a eng | |
| 041 | 0 | |a ger | |
| 044 | |a DE | ||
| 245 | 1 | 0 | |a Applied Innovation and Knowledge Management in Organizations |c Editor: Bernhard F. Seyr |
| 250 | |a 1st Edition | ||
| 264 | 1 | |a Berlin |b Peter Lang |c 2022 | |
| 300 | |a 201 s. | ||
| 610 | 2 | 0 | |a inovácia |
| 610 | 2 | 0 | |a riadenie znalostí |
| 610 | 2 | 0 | |a organizácie |
| 700 | 1 | |a Seyr, Bernhard F. | |